00737nam a22002057a 4500003000500000005001700005008004100022010001000063011001000073035001000083040000900093100003000102245017700132260003900309300002000348502008500368650002600453650002600479650002600505CHAP20220329134027.0971013s1980 r 00010 d a14317 a15289 a19364 cCHAP00aGonzález Ríos, Mario. aDeterminación de la capacidad de intercambio catiónico por diferentes métodos en algunas áreas del Campo Experimental de la Facultad de Agronomía en Marín, N.L. aMonterrey, N.L. :bEl autor,c1980 a45 h.b: gráf aTesis (Ing. Agrónomo) -- Univ. Autónoma de Nuevo León. Fac. de Agronomía14aIntercambio iónico.14aSuelosxNuevo León.14aSuelosxQuímica de.